000 00451cam a2200181ua 4500
001 3051
008 110926n ii |||gr||||Z||||||eng
040 _cMAIN
082 _a920
100 1 _aSarma, Satyendranath,
_eAuthor.
245 1 1 _aMadhavadeva
_cby Satyendranath Sarma
250 _a1st.
260 _aNew delhi:
_bSahitya akademi,985.
300 _a79p:
_c23cm.
653 _aBiography
653 _aBiography of Mahirkhi Badbyakh
942 _cBK
999 _c2898
_d2898